Účastníci řízení v obchodních věcech. Obchodní soudnictví - procesní úprava. 3.
Vymedzenie účastníkov v spornom a nespornom pokračovaní. Zastúpenie účastníkov. Úkony účastníkov pred súdmi. Predprocesná činnosť súdov, alebo činnosť pred zahájením pokračovania v I. stupni. Činnosť súdov pri zahájení riadenia, v priebehu riadenia a pri výkone rozhodnutí.
Salvato in:
| Autore principale: | |
|---|---|
| Natura: | Capitolo di libro |
| Lingua: | ceco |
| Soggetti: | |
| Tags: |
Nessun Tag, puoi essere il primo ad aggiungerne!!
|
MARC
| LEADER | 00000naa a2200000 4500 | ||
|---|---|---|---|
| 001 | r010534 | ||
| 005 | 20220831084203.6 | ||
| 041 | 0 | |a cze | |
| 044 | |a [CS] | ||
| 245 | 1 | 0 | |a Účastníci řízení v obchodních věcech. |b Obchodní soudnictví - procesní úprava. 3. |c Petr Hlavsa |
| 520 | |a Vymedzenie účastníkov v spornom a nespornom pokračovaní. Zastúpenie účastníkov. Úkony účastníkov pred súdmi. Predprocesná činnosť súdov, alebo činnosť pred zahájením pokračovania v I. stupni. Činnosť súdov pri zahájení riadenia, v priebehu riadenia a pri výkone rozhodnutí. | ||
| 610 | 2 | 0 | |a právo obchodné |
| 610 | 2 | 0 | |a súdnictvo |
| 610 | 2 | 0 | |a zákony |
| 610 | 2 | 0 | |a zákonník obchodný |
| 610 | 2 | 0 | |a ČSFR |
| 100 | 1 | |a Hlavsa, Petr | |